LEADER 01037nam0-22003491i-450- 001 990003217460403321 005 20080709143210.0 010 $a88-8114-825-0 035 $a000321746 035 $aFED01000321746 035 $a(Aleph)000321746FED01 035 $a000321746 100 $a20030910d1999----km-y0itay50------ba 101 0 $aita 102 $aIT 105 $ay-------001yy 200 1 $a<>teoria della crisi strutturale del sistema capitalistico$fSalvatore Michele De Marco 210 $aNapoli$cEdizioni Scientifiche Italiane$d1999 215 $a148 p.$d24 cm 610 0 $aCapitalismo 610 0 $aDebito estero 610 0 $aDisoccupazione$aAspetti micro e macroeconomici 702 1$aDe Marco,$bSalvatore Michele 801 0$aIT$bUNINA$gRICA$2UNIMARC 901 $aBK 912 $a990003217460403321 952 $aC/1 DEM/99$b18643$fSES 952 $aXV E2 191$b304$fDTE 959 $aSES 959 $aDTE 996 $aTeoria della crisi strutturale del sistema capitalistico$9455474 997 $aUNINA LEADER 00974nam0 22002651i 450 001 UON00128901 005 20231205102748.131 100 $a20020107f |0itac50 ba 101 $aurd 102 $aIN 105 $a|||| 1|||| 200 1 $aHindustani musiqi$fE. F. Islam 210 $aIlahabad$cIdara-e Anis-e Urdu, s. d 215 $a155 p.$d18 cm 606 $aMUSICA INDIANA$3UONC004712$2FI 620 $aIN$dAllahabad$3UONL000114 686 $aSI IX H$cSUBCONT. INDIANO - ARTI - MUSICA, TEATRO, CINEMA, DANZA$2A 700 1$aISLAM$bE. F.$3UONV079335$0668088 712 $aIdara-e Anis-e Urdu$3UONV256359$4650 801 $aIT$bSOL$c20240220$gRICA 899 $aSIBA - SISTEMA BIBLIOTECARIO DI ATENEO$2UONSI 912 $aUON00128901 950 $aSIBA - SISTEMA BIBLIOTECARIO DI ATENEO$dSI SI IX H 025 $eSI IND1920 7 025 996 $aHindustani musiqi$91319697 997 $aUNIOR LEADER 01810nam 2200481zu 450 001 9910376375603321 005 20210807005227.0 010 $a1-4503-2881-4 035 $a(CKB)3780000000084390 035 $a(SSID)ssj0001455746 035 $a(PQKBManifestationID)11838254 035 $a(PQKBTitleCode)TC0001455746 035 $a(PQKBWorkID)11393543 035 $a(PQKB)11645551 035 $a(WaSeSS)IndRDA00037870 035 $a(Association for Computing Machinery)10.1145/2598394 035 $a(EXLCZ)993780000000084390 100 $a20160829d2014 uy 101 0 $aeng 135 $aur||||||||||| 181 $ctxt 182 $cc 183 $acr 200 10$aGECCO '14 : companion publication of the 2014 Genetic and Evolutionary Computation Conference : July 12-16, 2014, Vancouver, BC, Canada 210 31$a[Place of publication not identified]$cACM$d2014 215 $a1 online resource (1492 pages) 225 1 $aACM Conferences 300 $aBibliographic Level Mode of Issuance: Monograph 410 0$aACM Conferences 517 1 $aProceedings of the 2014 Conference companion on Genetic and Evolutionary Computation companion 517 1 $aGECCO '14 517 1 $aGenetic and Evolutionary Computation Conference, Vancouver, BC, Canada - July 12-16, 2014 606 $aEngineering & Applied Sciences$2HILCC 606 $aComputer Science$2HILCC 615 7$aEngineering & Applied Sciences 615 7$aComputer Science 700 $aIgel$b Christian$0946526 712 02$aAssociation for Computing Machinery SIGEVO, 801 0$bPQKB 906 $aBOOK 912 $a9910376375603321 996 $aGECCO '14 : companion publication of the 2014 Genetic and Evolutionary Computation Conference : July 12-16, 2014, Vancouver, BC, Canada$92272145 997 $aUNINA